000 00320nam a2200145Ia 4500
008 200601s9999 xx 000 0 und d
020 _a0-525-03467-6
050 _aFIC Ab1g
050 _b1980
100 _aAbbey, Edward
245 0 _aGood News /
260 _aNew York :
260 _c1980
300 _a242 pages :
999 _c363452
_d363452